|
|
|
|
| LEADER |
00000nab a2200000 a 4500 |
| 001 |
vtls000689725 |
| 003 |
SK-MaSNL |
| 005 |
20260302181751.0 |
| 008 |
180205c1999 xo 0 slo |
| 015 |
|
|
|a SNBRB1999/03-07904
|
| 035 |
|
|
|a CLN000041892
|
| 040 |
|
|
|a SNKBUCL
|b slo
|c SNKBUCL
|e AACR2
|
| 041 |
0 |
|
|a slo
|
| 044 |
|
|
|a xo
|c SK
|
| 080 |
|
|
|a 69(437.6)
|2 UDC-MRF-SK2
|
| 080 |
|
|
|a 338.5
|2 UDC-MRF-SK2
|
| 245 |
0 |
0 |
|a Stanovenie ceny stavebného objektu
|
| 300 |
|
|
|b Sch.
|
| 650 |
0 |
7 |
|a objekty stavebné
|x ceny
|z Slovensko
|2 snkbucl
|9 892884
|
| 655 |
|
7 |
|a články z novín a časopisov
|2 snkbucl
|9 267496
|
| 773 |
0 |
|
|t Technicko-ekonomický spravodajca
|g Roč. 7, č. 1-2 (1999), s. 17-23
|
| 850 |
|
|
|a Slovenská národná knižnica v Martine
|
| 852 |
|
|
|a SNK
|b KIS3GCP
|
| 958 |
|
|
|a RBX
|
| 999 |
|
|
|c 1415385
|d 1417315
|